|
|
|
|
| LEADER |
00000nam0a2200000 4500 |
| 001 |
249034 |
| 005 |
20231101232435.0 |
| 035 |
|
|
|a (RuTPU)RU\TPU\book\271009
|
| 090 |
|
|
|a 249034
|
| 100 |
|
|
|a 20140130d1982 m y0rusy50 ca
|
| 101 |
0 |
|
|a rus
|
| 102 |
|
|
|a RU
|
| 105 |
|
|
|a a j 000zy
|
| 200 |
1 |
|
|a Практическая металлография
|e учебник
|f Н. А. Богомолова
|
| 205 |
|
|
|a 2-е изд., испр.
|
| 210 |
|
|
|a Москва
|c Высшая школа
|d 1982
|
| 215 |
|
|
|a 272 с.
|c ил.
|
| 225 |
1 |
|
|a Профтехобразование
|
| 606 |
1 |
|
|a Металлография
|x Металлургия
|2 stltpush
|3 (RuTPU)RU\TPU\subj\42416
|9 62083
|
| 610 |
1 |
|
|a структура
|
| 610 |
1 |
|
|a микрошлифы
|
| 610 |
1 |
|
|a металлы
|
| 610 |
1 |
|
|a сплавы
|
| 610 |
1 |
|
|a свойства
|
| 610 |
1 |
|
|a термическая обработка
|
| 610 |
1 |
|
|a макроструктура
|
| 610 |
1 |
|
|a микроскопы
|
| 610 |
1 |
|
|a анализ
|
| 610 |
1 |
|
|a фотографирование
|
| 610 |
1 |
|
|a электронно-микроскопическое исследование
|
| 610 |
1 |
|
|a труд
|
| 610 |
1 |
|
|a безопасность
|
| 610 |
1 |
|
|a электробезопасность
|
| 610 |
1 |
|
|a стандартизация
|
| 675 |
|
|
|a 669:620.18(075.3)
|v 3
|
| 700 |
|
1 |
|a Богомолова
|b Н. А.
|g Наталия Арамовна
|
| 801 |
|
1 |
|a RU
|b 63413507
|c 20140130
|
| 801 |
|
2 |
|a RU
|b 63413507
|c 20160325
|g RCR
|
| 942 |
|
|
|c BK
|